<?xml version="1.0" encoding="UTF-8"?>
<record
    xmlns:xsi="http://www.w3.org/2001/XMLSchema-instance"
    xsi:schemaLocation="http://www.loc.gov/MARC21/slim http://www.loc.gov/standards/marcxml/schema/MARC21slim.xsd"
    xmlns="http://www.loc.gov/MARC21/slim">

  <leader>01044nam a22002537a 4500</leader>
  <controlfield tag="005">20170123164159.0</controlfield>
  <datafield tag="010" ind1=" " ind2=" ">
    <subfield code="a">A-551352</subfield>
  </datafield>
  <datafield tag="020" ind1=" " ind2=" ">
    <subfield code="c">250.00</subfield>
    <subfield code="a">818526781</subfield>
  </datafield>
  <datafield tag="035" ind1=" " ind2=" ">
    <subfield code="a">A-551352</subfield>
  </datafield>
  <datafield tag="037" ind1=" " ind2=" ">
    <subfield code="b">Cen Lib / Ret</subfield>
  </datafield>
  <datafield tag="040" ind1=" " ind2=" ">
    <subfield code="a">DPL</subfield>
    <subfield code="b">PN</subfield>
  </datafield>
  <datafield tag="082" ind1=" " ind2=" ">
    <subfield code="a">851 </subfield>
    <subfield code="b">&#xA38;&#xA39;&#xA3F;&#xA30;&#xA3E;</subfield>
  </datafield>
  <datafield tag="100" ind1=" " ind2=" ">
    <subfield code="a">&#xA38;&#xA39;&#xA3F;&#xA30;&#xA3E;&#xA08;, &#xA2A;&#xA3F;&#xA06;&#xA30;&#xA3E; &#xA38;&#xA3F;&#xA70;&#xA18;</subfield>
    <subfield code="9">7478</subfield>
  </datafield>
  <datafield tag="245" ind1=" " ind2=" ">
    <subfield code="a">&#xA2E;&#xA47;&#xA30;&#xA40; &#xA15;&#xA35;&#xA3F;&#xA24;&#xA3E; &#xA26;&#xA3E; &#xA38;&#xA2B;&#xA3C;&#xA30;  /</subfield>
    <subfield code="c">&#xA2A;&#xA3F;&#xA06;&#xA30;&#xA3E; &#xA38;&#xA3F;&#xA70;&#xA18; &#xA38;&#xA39;&#xA3F;&#xA30;&#xA3E;&#xA08;</subfield>
  </datafield>
  <datafield tag="246" ind1=" " ind2=" ">
    <subfield code="a">Mer kavita da safar /</subfield>
    <subfield code="b">by Piara Singh Sehrai</subfield>
  </datafield>
  <datafield tag="260" ind1=" " ind2=" ">
    <subfield code="a"> &#xA26;&#xA3F;&#xA71;&#xA32;&#xA40;  </subfield>
    <subfield code="b">&#xA28;&#xA35;&#xA2F;&#xA41;&#xA17; &#xA2A;&#xA2C;&#xA32;&#xA3F;&#xA38;&#xA3C;&#xA30;&#xA1C;&#xA3C;</subfield>
    <subfield code="c">1992</subfield>
  </datafield>
  <datafield tag="270" ind1=" " ind2=" ">
    <subfield code="a">&#xA2A;&#xA32;&#xA71;&#xA08;&#xA05;&#xA30; &#xA17;&#xA3E;&#xA30;&#xA21;&#xA28; &#xA2E;&#xA3E;&#xA30;&#xA15;&#xA3F;&#xA1F;,&#xA1A;&#xA3E;&#xA02;&#xA1A;&#xA28;&#xA40; &#xA1A;&#xA48;&#xA15;</subfield>
    <subfield code="b">&#xA26;&#xA3F;&#xA71;&#xA32;&#xA40;   </subfield>
    <subfield code="e">10006</subfield>
  </datafield>
  <datafield tag="300" ind1=" " ind2=" ">
    <subfield code="a">528p.</subfield>
    <subfield code="c">22cm(Hb)</subfield>
  </datafield>
  <datafield tag="650" ind1=" " ind2=" ">
    <subfield code="a"> &#xA38;&#xA3E;&#xA39;&#xA3F;&#xA24; --&#xA2A;&#xA70;&#xA1C;&#xA3E;&#xA2C;&#xA40;</subfield>
    <subfield code="9">132226</subfield>
  </datafield>
  <datafield tag="650" ind1=" " ind2=" ">
    <subfield code="a"> &#xA2A;&#xA70;&#xA1C;&#xA3E;&#xA2C;&#xA40;---  &#xA15;&#xA35;&#xA3F;&#xA24;&#xA3E;&#xA35;&#xA3E;&#xA02; </subfield>
    <subfield code="9">132227</subfield>
  </datafield>
  <datafield tag="650" ind1=" " ind2=" ">
    <subfield code="a"> Literature--Punjabi</subfield>
    <subfield code="9">132228</subfield>
  </datafield>
  <datafield tag="650" ind1=" " ind2=" ">
    <subfield code="a">Punjabi-- Poetry</subfield>
    <subfield code="9">132229</subfield>
  </datafield>
  <datafield tag="942" ind1=" " ind2=" ">
    <subfield code="2">ddc</subfield>
    <subfield code="c">PN</subfield>
    <subfield code="h">851</subfield>
    <subfield code="m">&#xA38;&#xA39;&#xA3F;&#xA30;&#xA3E;</subfield>
  </datafield>
  <datafield tag="999" ind1=" " ind2=" ">
    <subfield code="c">110910</subfield>
    <subfield code="d">110910</subfield>
  </datafield>
  <datafield tag="952" ind1=" " ind2=" ">
    <subfield code="0">0</subfield>
    <subfield code="1">0</subfield>
    <subfield code="4">0</subfield>
    <subfield code="7">0</subfield>
    <subfield code="a">L</subfield>
    <subfield code="b">L</subfield>
    <subfield code="d">2016-02-10</subfield>
    <subfield code="e">Cen Lib/Ret</subfield>
    <subfield code="g">250.00</subfield>
    <subfield code="l">0</subfield>
    <subfield code="o">851  &#xA38;&#xA39;&#xA3F;&#xA30;&#xA3E;</subfield>
    <subfield code="p">A-551352</subfield>
    <subfield code="r">2016-02-10 00:00:00</subfield>
    <subfield code="t">1</subfield>
    <subfield code="v">250.00</subfield>
    <subfield code="w">2016-02-10</subfield>
    <subfield code="y">PN</subfield>
  </datafield>
</record>
